Charakteristika a vlastnosti kombinovaných polotovarov
Salvato in:
| Autore principale: | |
|---|---|
| Altri autori: | |
| Natura: | Manoscritto Libro |
| Lingua: | slovacco |
| Pubblicazione: |
2023
|
| Soggetti: | |
| Accesso online: | http://is.stuba.sk/zp/portal_zp.pl?podrobnosti=178842 |
| Tags: |
Nessun Tag, puoi essere il primo ad aggiungerne!!
|
MARC
| LEADER | 00000ntm a22000003a 4500 | ||
|---|---|---|---|
| 001 | stuzp94732 | ||
| 003 | SK-STU | ||
| 005 | 20231218110524.9 | ||
| 007 | ta | ||
| 008 | 150427s2015----xo-----f-mn---000-0-slo-d | ||
| 040 | |a STU |b slo | ||
| 041 | 0 | |a slo | |
| 100 | 1 | |a Bielak, Filip |u 020050 |4 aut |U SjF Strojnícka fakulta |T SjF Ústav technológií a materiálov |X 104928 |U J0050 |Y 803 |7 104928 | |
| 242 | 0 | 1 | |a Characteristics and properties of tailor welded blanks |y eng |
| 245 | 1 | 0 | |a Charakteristika a vlastnosti kombinovaných polotovarov |
| 260 | |c 2023 | ||
| 650 | 4 | |a pretvorenie |2 slo | |
| 650 | 4 | |a hlboké ťahanie |2 slo | |
| 650 | 4 | |a anizotropia |2 slo | |
| 650 | 4 | |a kombinované polotovary |2 slo | |
| 650 | 4 | |a plošná anizotropia |2 slo | |
| 650 | 4 | |a planar anisotropy |2 eng | |
| 650 | 4 | |a strain |2 eng | |
| 650 | 4 | |a tailor welded blanks |2 eng | |
| 650 | 4 | |a deep drawing |2 eng | |
| 650 | 4 | |a anisotropy |2 eng | |
| 700 | 1 | |a Schrek, Alexander |u 020050 |k Z1 |4 ths |U SjF Strojnícka fakulta |T SjF Ústav technológií a materiálov |X 2319 |U J0050 |Y 803 |7 A000002319 | |
| 856 | 4 | |u http://is.stuba.sk/zp/portal_zp.pl?podrobnosti=178842 | |
| 996 | |b 284J047296 |c J* 3536/DBP |l JJSK |s A |a 24 |w stuzp94732_0001 | ||